000 00302nam a22001337a 4500
008 170323b xxu||||| |||| 00| 0 eng d
020 _a9780721669083
041 _aeng
080 _25 ED
_a616.9
100 _a8
101 _aSHM
245 _aTHE MEDICAL MANAGEMENT AIDS
_cSANDE,M,A
942 _2udc
_cBK
999 _c8420
_d8420